=LDR 00000nam 2200000 4500 =001 INLIS000000000000210 =005 20240511055154 =035 ##$$a 0010-0421000045 =245 1#$$a Sistem Pelumasan Mesin Bubut pada PT. Sermani Steel Makassar : $b Laporan Praktek TMI 2014 /$c M. Ramzah =100 1#$$a RAMZAH, M =250 ##$$a 2014 =300 ##$$a ix, 30 halaman : $b tabel; gambar ; $c 20x28,5 cm$e lampiran =856 ##$$a OPAC (Rak LKKP TMI 2014) =260 ##$$a Makassar :$b Politeknik ATI Makassar-Teknik Mesin Industri,$c 2014 =082 ##$$a (R)2014 LKKP-TMI 818 =084 ##$$a (R)2014 LKKP-TMI 818 RAM s =650 #4$$a Laporan Praktek TMI 2014 =520 ##$$a Prinsip kerja sistem Pelumasan. Pada saat mesin dihidupkan, motor menggerakkan pompa oli sehingga oli yang ada pada tangki penampungan (Carter) mengalir melalui saringan oli (filter), lalu masuk ke dalam pompa oli dan kemudian pompa oli meneruskan ke komponen-komponen yang dilumasi melalui bantuan pipa atau selang. Setelah melakukan tugasnya yaitu melumasi komponen-komponen yang bergerak pada mesin bubut, maka oli akan kembali ke tangki penampungan karena adanya gaya grativitasi. Proses ini akan berlangsung berulang-ulang sampai mesin bubut tidak beroperasi atau dimatikan. =008 240511################|##########|#|## =990 ##$$a 24/LKKP TMI 2014